| 000 | 00691 a2200217 4500 | ||
|---|---|---|---|
| 010 | _aENG-89834 | ||
| 020 |
_c150.00 _a8183332536 |
||
| 035 | _aEN-73367 | ||
| 037 | _bDBAD / PUB | ||
| 082 | 1 | 4 | _a005.42 |
| 090 |
_c11789 _d11789 |
||
| 100 | 1 | _aDani, Asang | |
| 245 | 1 |
_aGo embedded! / _cby Asang Dani and Yashavant Kanetkar |
|
| 260 |
_aNew Delhi _bBPB Publications _c2008 |
||
| 270 |
_aB-14, Connaught Place _bNew Delhi _e110 001 |
||
| 300 |
_aviii, 424p. _c22 cm ( pbk) _eCD-ROM |
||
| 500 | _aIncludes index | ||
| 700 | _aDani, Asang | ||
| 942 |
_adpl _cEN _k 005.42 / KAN |
||
| 999 |
_c11450 _d11450 |
||